Clonal variability for stomatal characters and its application in Hevea breeding and selection (Record no. 49157)

MARC details
000 -LEADER
fixed length control field 00477nam a2200157Ia 4500
100 ## - MAIN ENTRY--AUTHOR NAME
Personal name Premakumari D.
245 #0 - TITLE STATEMENT
Title Clonal variability for stomatal characters and its application in Hevea breeding and selection
260 ## - PUBLICATION, DISTRIBUTION, ETC. (IMPRINT)
Name of publisher Indian Journal of Agricultural Science
Year of publication 1979
300 ## - PHYSICAL DESCRIPTION
Number of Pages 411-413
650 ## - SUBJECT ADDED ENTRY--TOPICAL TERM
Topical Term Clone evaluation
650 ## - SUBJECT ADDED ENTRY--TOPICAL TERM
Topical Term Stomatal character
700 ## - ADDED ENTRY--PERSONAL NAME
Personal name Annamma Y.
700 ## - ADDED ENTRY--PERSONAL NAME
Personal name Nair V.K.B.
942 ## - ADDED ENTRY ELEMENTS (KOHA)
Koha item type Bibliography STAF
Holdings
Withdrawn status Lost status Damaged status Not for loan Home library Current library Shelving location Date acquired Serial Enumeration / chronology Koha item type
      Bibliography RRII Library RRII Library Botany 09/04/2014 Volume 49, Issue Bibliography STAF